| 000 | 00486nam a2200157Ia 4500 | ||
|---|---|---|---|
| 008 | 130318s9999 xx 000 0 und d | ||
| 020 | _a1599041669 | ||
| 082 | _a658.4038 PUT/K | ||
| 100 | _aPutnik, Goran D | ||
| 245 | _aKnowledge and technology management in virtual organizations:Issues, trends, opportunities and solutions | ||
| 260 |
_bIdea Group _aUK _c2007 |
||
| 300 | _a368 | ||
| 650 | _aKNOWLEDGE MANAGEMENT | ||
| 650 | _aTECHNOLOGY MANAGEMENT | ||
| 700 | _aCunha, Maria Manuela | ||
| 999 |
_c2211 _d2211 |
||